The First 100 Words of Brave New World - Statistics

General Stats
  • This quiz has been taken 36 times
  • The average score is 29 of 100
Answer Stats
Answersssss % Correct
A
94%
a
94%
the
94%
The
94%
AND
63%
and,
63%
and
63%
on
53%
in
50%
World
50%
but
47%
of
47%
for
44%
to
44%
thin
38%
all
34%
building
28%
some
25%
grey
16%
light
16%
only
16%
Over
16%
room
16%
HATCHERY
13%
squat
13%
CENTRE,
9%
Cold
9%
floor
9%
glass
9%
ground
9%
LONDON
9%
COMMUNITY,
6%
entrance
6%
IDENTITY,
6%
lay
6%
main
6%
STABILITY.
6%
stories.
6%
thirty-four
6%
through
6%
windows,
6%
words,
6%
academic
3%
bleakly
3%
CENTRAL
3%
enormous
3%
finding
3%
goose-flesh,
3%
harsh
3%
heat
3%
laboratory.
3%
motto,
3%
nickle
3%
north.
3%
overalls
3%
pallid
3%
porcelain
3%
seeking
3%
shape
3%
shield,
3%
shining
3%
State's
3%
summer
3%
tropical
3%
beyond
0%
CONDITIONING
0%
draped
0%
faced
0%
figure,
0%
glared
0%
hungrily
0%
itself,
0%
panes,
0%
responded
0%
towards
0%
Wintriness
0%
wintriness.
0%
No matching quizzes found
Score Distribution
Percent of People with Each Score
Percentile by Number Answered
Your Score History
You have not taken this quiz